| 000 | 00359 a2200097 4500 | ||
|---|---|---|---|
| 245 | 0 | 0 |
_aOchrona przed promieniowaniem podczerwonym - Mierniki promieniowania Ogólne wymagania i badania PN-77/T-05686 / _cMP,P i S Socjaln.. |
| 246 | 1 | 3 | _aPN-77/T-05686 |
| 246 | 1 | 3 | _a614.875:613.165.6 |
| 260 |
_aWarszawa : _bMP,P i S Socjaln., _c1977. |
||
| 300 |
_a3 stron ; _c30 cm. |
||
| 650 | _aPolska norma | ||
| 999 |
_c19641 _d19641 |
||